000
00287nam a22001217a 4500
008
180125b xxu||||| |||| 00| 0 eng d
041
_a
eng
080
_a
37
100
_a
48
101
_a
edu
245
_a
practical strategies for children educators
_c
michael.d.f
942
_2
udc
_c
BK
999
_c
40967
_d
40967